Emblems of Test Cricket Nations - Statistics

General Stats
  • This quiz has been taken 269 times
  • The average score is 11 of 12
Answer Stats
Picture Answer % Correct
England
98%
New Zealand
98%
Sri Lanka
96%
Australia
94%
Ireland
94%
India
93%
Pakistan
91%
West Indies
91%
Bangladesh
88%
South Africa
87%
Zimbabwe
74%
Afghanistan
66%
No matching quizzes found
Score Distribution
Percent of People with Each Score
Percentile by Number Answered
Your Score History
You have not taken this quiz